European Geography By Letter I - Picture Quiz - Statistics

General Stats
  • This quiz has been taken 1,037 times
  • The average score is 11 of 18
Answer Stats
Picture Hint Answer % Correct
(country) Iceland
97%
(country) Italy
96%
(island) Ireland
90%
(city) Istanbul
89%
(major religion) Islam
87%
{Iberian} Peninsula
86%
(island) Ibiza
85%
(city) Innsbruck
69%
{Ionian} Sea
68%
(language) Italian
66%
{Irish} Sea
54%
(animal) Ibis
51%
(language family) Indo-European
49%
(region) Île-de-France
46%
(city) Inverness
45%
(peninsula) Istria
35%
(island) Ithaca
17%
(oblast) Ivanovo
8%
No matching quizzes found
Score Distribution
Percent of People with Each Score
Percentile by Number Answered
Your Score History
You have not taken this quiz